Character and virtue in practice : (Record no. 11137)

MARC details
000 -LEADER
fixed length control field 01262nam a22002417a 4500
003 - CONTROL NUMBER IDENTIFIER
control field GBCCL
005 - DATE AND TIME OF LATEST TRANSACTION
control field 20260127124420.0
008 - FIXED-LENGTH DATA ELEMENTS--GENERAL INFORMATION
fixed length control field 260127b |||||||| |||| 00| 0 eng d
020 ## - INTERNATIONAL STANDARD BOOK NUMBER
International Standard Book Number 9781786410511
020 ## - INTERNATIONAL STANDARD BOOK NUMBER
International Standard Book Number 1786410516
040 ## - CATALOGING SOURCE
Transcribing agency GBC
082 ## - DEWEY DECIMAL CLASSIFICATION NUMBER
Classification number 268
Item number OXE 1
100 ## - MAIN ENTRY--PERSONAL NAME
Personal name Oxenham, Marvin
245 ## - TITLE STATEMENT
Title Character and virtue in practice :
Remainder of title a workbook for discipleship and formation /
Statement of responsibility, etc. Marvin Oxenham
260 ## - PUBLICATION, DISTRIBUTION, ETC.
Place of publication, distribution, etc. Carlisle :
Name of publisher, distributor, etc. Langham Global Library,
Date of publication, distribution, etc. 2025
300 ## - PHYSICAL DESCRIPTION
Extent xv, 298 pages :
Other physical details illustrations ;
Dimensions 23 cm
490 ## - SERIES STATEMENT
Series statement ICETE series
505 ## - FORMATTED CONTENTS NOTE
Formatted contents note Why character, what virtue?<br/>About virtue and character<br/>Exploring biblical roots<br/>Virtue in your culture<br/>Making a commitment<br/>Take the virtue test<br/>Interpreting the virtue test<br/>A plan for practice<br/>What is habituation<br/>Planning for virtue<br/>Character friendship<br/>Engage a friend<br/>Improve your virtue literacy<br/>Being humble<br/>Being temperate<br/>Being courageous<br/>Being just<br/>Being compassionate<br/>Being diligent<br/>Being grateful<br/>Being passionate<br/>Being loving, faithful and hopeful<br/>Being prudent<br/>Evaluate, reflect and celebrate<br/>Group facilitator guidelines
650 ## - SUBJECT ADDED ENTRY--TOPICAL TERM
Topical term or geographic name entry element Christian ethics
650 ## - SUBJECT ADDED ENTRY--TOPICAL TERM
Topical term or geographic name entry element Conduct of life
650 ## - SUBJECT ADDED ENTRY--TOPICAL TERM
Topical term or geographic name entry element Virtue
Form subdivision Study and teaching
942 ## - ADDED ENTRY ELEMENTS (KOHA)
Source of classification or shelving scheme Dewey Decimal Classification
Koha item type Books
Suppress in OPAC No
Holdings
Withdrawn status Lost status Source of classification or shelving scheme Damaged status Not for loan Home library Current Library Shelving location Date acquired Total checkouts Full call number Barcode Date last seen Copy number Price effective from Koha item type
    Dewey Decimal Classification     GRACE BIBLE COLLEGE GRACE BIBLE COLLEGE Ministry & Mission 2026-01-27   268 OXE 017299 2026-01-27 c.1 2026-01-27 Books
© Grace Bible College Library 2025